Safarnama Arzul Quran, - سفرنامہ ارض القرآن (Record no. 534397)

000 -LEADER
fixed length control field 00334nam a22001337a 4500
020 ## - INTERNATIONAL STANDARD BOOK NUMBER
International Standard Book Number 9695035140
040 ## - CATALOGING SOURCE
Transcribing agency MSOHAIL
082 ## - DEWEY DECIMAL CLASSIFICATION NUMBER
Classification number 910.4
100 ## - MAIN ENTRY--PERSONAL NAME
Personal name Abul Ala Modudi
9 (RLIN) 28529
245 ## - TITLE STATEMENT
Title Safarnama Arzul Quran, - سفرنامہ ارض القرآن
260 ## - PUBLICATION, DISTRIBUTION, ETC.
Place of publication, distribution, etc. Lahore
Name of publisher, distributor, etc. Al-Faisal
Date of publication, distribution, etc. N.D.
300 ## - PHYSICAL DESCRIPTION
Extent 228;;p
942 ## - ADDED ENTRY ELEMENTS (KOHA)
Source of classification or shelving scheme
Koha item type Book
Holdings
Withdrawn status Lost status Source of classification or shelving scheme Damaged status Not for loan Permanent Location Current Location Date acquired Total Checkouts Full call number Barcode Date last seen Price effective from Koha item type
          School of Civil and Environmental Engineering (SCEE) School of Civil and Environmental Engineering (SCEE) 02/18/2020   910.4 NIT-9846 02/18/2020 02/18/2020 Book
© 2023 Central Library, National University of Sciences and Technology. All Rights Reserved.